00356nam a2200133Ia 4500008004100000041000800041082001600049100002600065245003400091250000600125260005100131300000800182650003200190210716s1992 xx 000 0 und d aeng a004.68 BRIS aBridges, Stephen P M. aLow cost local area networks. a1 aNew DelhibGalgotia Publications Pvt Ltdc1992 a181 aLocal Area Networks(004.68)